Zelda par image. - Statistiques

Statistiques générales
  • Ce quiz a été pris 1 304 fois
  • Le résultat moyen est 11 sur 18
Statistiques - réponses
Par images Réponse % Correct
zelda tears of the kingdom
96%
The Legend of Zelda: Majora's Mask
89%
The Legend of Zelda: Breath of the Wild
80%
The Legend of Zelda: Ocarina of Time
80%
The Legend of Zelda: Twilight Princess
77%
The Legend of Zelda: Skyward Sword
73%
The Legend of Zelda: Phantom Hourglass
72%
The Legend of Zelda: The Wind Waker
72%
The Legend of Zelda: A Link Between Worlds
63%
The Legend of Zelda: The Minish Cap
59%
The Legend of Zelda
58%
The Legend of Zelda: A Link to the Past
51%
The Legend of Zelda: Link's Awakening
49%
The Legend of Zelda: Oracle of Ages
47%
Zelda II: The Adventure of Link
47%
The Legend of Zelda: Spirit Tracks
41%
The Legend of Zelda: Oracle of Seasons
38%
The Legend of Zelda: Four Swords Adventures
25%
Aucun quiz correspondant
Distribution des résultats
% des personnes avec chaque résultat
Percentile par nombre de réponses
Votre historique - résultats
Vous n’avez pas pris ce quiz